000 00678nam a2200181Ia 4500
008 100921s9999 xx 000 0 und d
082 _b6145
_a891.461 थ 50
100 _aजोशी नारायण गणेश.संपा.जावडेकर शं.द. भागवत स.ज.
245 _aविश्वमानव.
260 _bसुलभ राष्ट्रीय ग्रंथमाला,पुणे.
_c1950
300 _a96
_b---
365 _b2.25
520 _aललित-काव्य.
630 _aविश्वमानव.
650 _aललित-काव्य.
730 _aविश्वमानव.
942 _cBOOK
999 _c755258
_d755255